<?xml version="1.0" encoding="UTF-8"?>
<record
    xmlns:xsi="http://www.w3.org/2001/XMLSchema-instance"
    xsi:schemaLocation="http://www.loc.gov/MARC21/slim http://www.loc.gov/standards/marcxml/schema/MARC21slim.xsd"
    xmlns="http://www.loc.gov/MARC21/slim">

  <leader>00809cam a2200181   4500</leader>
  <controlfield tag="008">100907s1982    mx            000 0 spa u</controlfield>
  <datafield tag="035" ind1=" " ind2=" ">
    <subfield code="a">a490962</subfield>
  </datafield>
  <datafield tag="050" ind1=" " ind2=" ">
    <subfield code="a">HD1531.M6 </subfield>
    <subfield code="b">E53 1982</subfield>
  </datafield>
  <datafield tag="111" ind1="1" ind2=" ">
    <subfield code="a">Encuentro nacional sobre investigaci&#xF3;n participativa en el medio rural </subfield>
    <subfield code="d">(23-27 de agosto, 1982 : </subfield>
    <subfield code="c">Morelia, Mich.)</subfield>
  </datafield>
  <datafield tag="245" ind1="1" ind2="3">
    <subfield code="a">La organizaci&#xF3;n de los campesinos y los problemas de la investigaci&#xF3;n participativa / </subfield>
    <subfield code="c">compilado por Jorge Fuentes Mor&#xFA;a</subfield>
  </datafield>
  <datafield tag="260" ind1=" " ind2=" ">
    <subfield code="a">Morelia : </subfield>
    <subfield code="b">IMISAC, </subfield>
    <subfield code="c">1982</subfield>
  </datafield>
  <datafield tag="300" ind1=" " ind2=" ">
    <subfield code="a">383 p. : </subfield>
    <subfield code="b">il. ; </subfield>
    <subfield code="c">22 cm.</subfield>
  </datafield>
  <datafield tag="650" ind1=" " ind2="7">
    <subfield code="a">Campesinos </subfield>
    <subfield code="z">M&#xE9;xico </subfield>
    <subfield code="v">Congresos </subfield>
    <subfield code="2">Lemb</subfield>
  </datafield>
  <datafield tag="650" ind1=" " ind2="7">
    <subfield code="a">Desarrollo rural </subfield>
    <subfield code="z">Municipios </subfield>
    <subfield code="z">M&#xE9;xico </subfield>
    <subfield code="v">Congresos </subfield>
    <subfield code="2">Lemb</subfield>
  </datafield>
  <datafield tag="650" ind1=" " ind2="7">
    <subfield code="a">Desarrollo econ&#xF3;mico </subfield>
    <subfield code="x">Municipios </subfield>
    <subfield code="z">M&#xE9;xico </subfield>
    <subfield code="v">Congresos </subfield>
    <subfield code="2">Lemb</subfield>
  </datafield>
  <datafield tag="700" ind1="1" ind2=" ">
    <subfield code="a">Fuentes Mor&#xFA;a, Jorge, comp.</subfield>
  </datafield>
  <datafield tag="942" ind1=" " ind2=" ">
    <subfield code="2">lcc</subfield>
    <subfield code="c">LIB</subfield>
  </datafield>
  <datafield tag="999" ind1=" " ind2=" ">
    <subfield code="c">65742</subfield>
    <subfield code="d">65742</subfield>
  </datafield>
  <datafield tag="952" ind1=" " ind2=" ">
    <subfield code="1">0</subfield>
    <subfield code="2">lcc</subfield>
    <subfield code="4">0</subfield>
    <subfield code="7">0</subfield>
    <subfield code="a">INV-033</subfield>
    <subfield code="b">INV-033</subfield>
    <subfield code="c">GENERAL</subfield>
    <subfield code="d">2018-08-21</subfield>
    <subfield code="f">1a ed.</subfield>
    <subfield code="i">H</subfield>
    <subfield code="k">CSA</subfield>
    <subfield code="o">HD1531 .M6 E53 1982</subfield>
    <subfield code="p">IIH0000000301</subfield>
    <subfield code="r">2018-08-21 00:00:00</subfield>
    <subfield code="t">C:1</subfield>
    <subfield code="y">LIB</subfield>
  </datafield>
</record>
